Quiz o województwie pomorskim - Statystyki

Ogólne statystyki
  • Ten quiz został rozwiązany 181 razy
    74 od ostatniego zresetowania
  • Średni wynik to 9 z 17
Statystyki odpowiedzi
Wskazówka Odpowiedź % Poprawnych
Siedziba rządów Gdańsk
90%
Województwa graniczące kujawsko- pomorskie
86%
Województwa graniczące warmińsko- mazurskie
86%
Województwa graniczące zachodniopomorskie
86%
Jest językiem pomocniczym wniektórych powiatach Kaszubski
78%
Województwa graniczące wielkopolskie
78%
Trzecie najludniejsze miasto Słupsk
68%
Najbardziej ruchliwa droga przebiegająca przez województwo A1
56%
Najbardziej na północ wysunięty park narodowy w Polsce {Słowiński} Park Narodowy
56%
Gdynia jako jedne z trzech polskich miast posiada ten środek transportu Trolejbus
44%
Region Rosji, z którym graniczy województwo Obwód kaliningradzki
43%
Najbardziej na wschód wysunięty powiat Powiat {nowodworski}
43%
Jedyna polska państwowa uczelnia o profilu technicznym w województwie Politechnika Gdańska
41%
Imię jakim został nazwany jedyny międzynarodowy port lotniczy w województwo Lech Wałęsa
35%
Klub sportowy na Pomorzu, który ma barwy żółto-biało-czerwone (w sezonie 17/18 grał w ćwierćfinale Pucharu Polski w piłce nożnej) Chojniczanka Chojnice
11%
Wojewoda Beata Rutkiewicz
10%
Nazwa województwa po kaszubsku Pòmòrsczé
8%
Nie znaleziono quizów pasujących do podanych kryteriów
Rozkład punktacji
Procent ludzi z każdym wynikiem
Percentyl według liczby udzielonych odpowiedzi
Twoja historia wyników
Nie rozwiązałeś tego quizu od ostatniego zresetowania